00363nam a2200145Ia 4500008004100000041000800041082001500049100001600064245003600080250001200116260004400128300001100172650001500183999001900198230724s2017 xx 000 0 und d aeng a343.07/MAL aMallick M R aLABOUR & INDUSTRIAL LAW MANNUAL a2017 Ed aNew DelhibProfessional Book Pub.c2017 a1229p. aLABOUR LAW c749985d749985